Statistics for Los Angeles Lakers 2023/2024

Click here to take the quiz!

General Stats

  • This quiz has been taken 8 times
  • The average score is 11 of 17

Answer Stats

HintAnswer% Correct
CAnthony Davis
100%
SgAustin Reaves
100%
PgD'Angelo Russell
100%
SfLebron James
100%
SgCam Reddish
86%
PfJarred Vanderbilt
86%
FTaurean Prince
86%
CJaxson Hayes
71%
PfRui Hachimura
71%
PgGabe Vincent
57%
GJalen Hood-Schifino
57%
FChristian Wood
43%
GMax Christe
43%
GD'Moi Hodge
29%
FMaxwell Lewis
29%
FAlex Fudge
14%
CColin Castleton
14%

Score Distribution

Percentile by Number Answered

Percent of People with Each Score

Your Score History

You have not taken this quiz